महासंग्राम / (Record no. 116658)

MARC details
000 -LEADER
fixed length control field 00921nam a22002537a 4500
005 - DATE AND TIME OF LATEST TRANSACTION
control field 20170124103042.0
010 ## - LIBRARY OF CONGRESS CONTROL NUMBER
LC control number B-030505
020 ## - INTERNATIONAL STANDARD BOOK NUMBER
Terms of availability 400.00
International Standard Book Number 8170434785
035 ## - SYSTEM CONTROL NUMBER
System control number B-030505
037 ## - SOURCE OF ACQUISITION
Source of stock number/acquisition Cen Lib/Ret
040 ## - CATALOGING SOURCE
Original cataloging agency DPL
Language of cataloging HN
082 ## - DEWEY DECIMAL CLASSIFICATION NUMBER
Classification number
Item number ओमशि
100 ## - MAIN ENTRY--PERSONAL NAME
Personal name ओम शिवराज
9 (RLIN) 57762
245 ## - TITLE STATEMENT
Title महासंग्राम /
Statement of responsibility, etc ओम शिवराज
246 ## - VARYING FORM OF TITLE
Title proper/short title Mahasangram /
Remainder of title by Om Shivraj
260 ## - PUBLICATION, DISTRIBUTION, ETC. (IMPRINT)
Place of publication, distribution, etc दिल्ली
Name of publisher, distributor, etc आत्माराम एंड संस
Date of publication, distribution, etc 2001
270 ## - ADDRESS
Address कश्मीरी गेट
City दिल्ली
Postal code 110006
300 ## - PHYSICAL DESCRIPTION
Extent 406पृ.
Dimensions 20सेमी(सजिल्द)
650 ## - SUBJECT ADDED ENTRY--TOPICAL TERM
Topical term or geographic name as entry element हिन्दी साहित्य
9 (RLIN) 67618
650 ## - SUBJECT ADDED ENTRY--TOPICAL TERM
Topical term or geographic name as entry element हिन्दी -- उपन्यास
9 (RLIN) 67619
650 ## - SUBJECT ADDED ENTRY--TOPICAL TERM
Topical term or geographic name as entry element Hindi literature
9 (RLIN) 67620
650 ## - SUBJECT ADDED ENTRY--TOPICAL TERM
Topical term or geographic name as entry element Hindi -- Fiction
9 (RLIN) 27248
942 ## - ADDED ENTRY ELEMENTS (KOHA)
Source of classification or shelving scheme Dewey Decimal Classification
Koha item type Hindi Books
Classification part
Call number suffix ओमशि
Holdings
Withdrawn status Lost status Damaged status Not for loan Home library Current library Date acquired Source of acquisition Cost, normal purchase price Total Checkouts Total Renewals Full call number Barcode Date last seen Date checked out Copy number Cost, replacement price Price effective from Koha item type
        Central Library Central Library 25/08/2015 Cen Lib/Ret 400.00 9 2 उ ओमशि B-030505 13/09/2025 30/08/2025 1 400.00 25/08/2015 Hindi Books

© Delhi Public Library
Hit Counter
free hit counter